UK Property Index figures show increasing returns (Record no. 73816)

MARC details
000 -LEADER
fixed length control field 00945cam a2200181 4500
001 - CONTROL NUMBER
control field WB3944-07
008 - FIXED-LENGTH DATA ELEMENTS--GENERAL INFORMATION
fixed length control field 031120n2003 000 0 eng u
035 ## - SYSTEM CONTROL NUMBER
System control number (Sirsi) u124389
245 ## - TITLE STATEMENT
Title UK Property Index figures show increasing returns
260 ## - PUBLICATION, DISTRIBUTION, ETC.
Date of publication, distribution, etc. 2003
490 ## - SERIES STATEMENT
Series statement Jones Lang LaSalle Press Release
Volume/sequential designation (NR1393) 27 October 2003 (1)
520 ## - SUMMARY, ETC.
Summary, etc. The latest Jones Lang LaSalle "UK Property index" for the third quarter 2003, shows property returns have increased for the third consecutive quarter from 2.5% in the second quarter to 3.0%. These figures can be attributed to significant capital growth, with the retail sector continuing to outperform. Annual returns on all UK property remains unchanged since the previous quarter at 10.1%. http://www.joneslanglasalle.co.uk/
590 ## - LOCAL NOTE (RLIN)
Local note WB
650 ## - SUBJECT ADDED ENTRY--TOPICAL TERM
Topical term or geographic name entry element PROPERTY RETURNS
650 ## - SUBJECT ADDED ENTRY--TOPICAL TERM
Topical term or geographic name entry element CAPITAL GROWTH
690 ## - LOCAL SUBJECT ADDED ENTRY--TOPICAL TERM (OCLC, RLIN)
Topical term or geographic name as entry element PROPERTY-COMMERCIAL PROPERTY-COMMERCIAL PROPERTY MARKET
942 ## - ADDED ENTRY ELEMENTS (KOHA)
Suppress in OPAC 0
Holdings
Withdrawn status Lost status Source of classification or shelving scheme Damaged status Not for loan Home library Current library Shelving location Date acquired Total Checkouts Full call number Barcode Date last seen Copy number Price effective from Koha item type
    Dewey Decimal Classification     London London News article 20/11/2003   WB3944-07 124389-1001 06/08/2019 1 06/08/2019 News article